000 00716nam a2200253Ia 4500
003 OSt
005 20220925225856.0
006 a|||||r|||| 00| 0
007 ta
008 220923b |||||||| |||| 00| 0 eng d
020 _a0 422 74620 7
037 _cGeneral Book
040 _aRTL
_cRTL
_beng
041 _2eng
_aeng
082 _aSigma:(B), L6
100 _aCollins Lyndhurst Ed.
245 0 _aUse of models in the social sciences
260 _aLondon
_bTavistock U K
_c1976
300 _ax,238p.
_ccm.
490 _aSocial Issues In The Seventies. 4
650 _aSocial Science
_911018
942 _hSigma:(B), L6
_cGB
_2CC
999 _c584359
_d584359